Estadísticas para Países menos Obesos

Haz click aquí para intentar la prueba.

Estadísticas generales

  • Esta prueba ha sido intentada 1.004 veces
    (814 desde el último reinicio)
  • La puntuación promedio es 10 de 21

Estadísticas de respuestas

%País% Correcto
4.3Japón
83%
3.9India
71%
4.7Corea del Sur
68%
4.5Etiopía
60%
2.1Vietnam
60%
5.3Laos
58%
5.5Níger
57%
3.9Camboya
56%
3.6Bangladés
54%
4.1Nepal
53%
5.8Myanmar
50%
5.0Eritrea
45%
5.8Ruanda
40%
5.2Sri Lanka
40%
5.3Uganda
40%
5.4Burundi
36%
5.5Afganistán
35%
5.3Madagascar
29%
5.8Malaui
27%
3.8Timor Oriental
27%
5.6Burkina Faso
24%

Distribución de puntuación

Porcentaje por número respondido

Porcentaje de gente con cada puntuación

Historial de tus puntuaciones

No has intentado esta prueba desde el último reinicio